| 000 | 00521nab a2200145Ia 4500 | ||
|---|---|---|---|
| 003 | ES-SlBCS | ||
| 005 | 20210601125224.0 | ||
| 008 | 140529s1969 xxu||||| |||| 00| 0 eng d | ||
| 041 | _aeng | ||
| 100 | 1 |
_aHodges, Donald Clark _9155534 |
|
| 245 | 0 | 4 |
_aThe Fourth Epoch: Epilogue to the Unfinished Social Philosophy of C. Wright Mills _c Donald Clark Hodges |
| 600 | 1 |
_aMills, Charles W.-Filosofía Social _9155568 |
|
| 773 | 0 |
_tPhilosophy and Phenomenological Research _gvol. 29, 1969, págs. 327-350 _wRev1411 |
|
| 942 | _cAR | ||
| 999 |
_c526755 _d526755 |
||